| 000 | 00540nam a2200193 a 4500 | ||
|---|---|---|---|
| 005 | 20230610063833.0 | ||
| 008 | 080428s1986 mx r 000 0 spa d | ||
| 020 | _a8459916146 | ||
| 035 | _aUPN01000155667 | ||
| 049 | _aI | ||
| 050 | 4 |
_aPZ8.2 _bM4.88 |
|
| 100 | 1 |
_aMcKee, David, _d1935- _929650 |
|
| 245 | 1 | 1 |
_a¡Tú, can'Tucán! / _cDavid Mckee ; tr. Ma. Elena Walsh. |
| 260 |
_aMadrid : _bOrdis, _c1986. |
||
| 300 |
_a31 p. : _bil. |
||
| 440 | 0 |
_aVeo-veo : _pmi primera biblioteca ; _v66 |
|
| 650 | 4 |
_aCuentos _93090 |
|
| 905 | _aInfantil | ||
| 999 |
_c127781 _d127781 |
||